Statistics for Football quiz

Click here to take the quiz!

General Stats

  • This quiz has been taken 38 times
  • The average score is 7 of 10

Answer Stats

QuestionAnswer% Correct
What country that win the World Cup 2022Argentina
100%
Messi first club is?Barcelona
94%
What is Sergio Ramos Current ClubPSG
89%
Pele win world cup _ times3
83%
How many times Lewandowski won Ballon D'or0
80%
Who is Goalkeeper or goalie that won Ballon D'orLev Yashin
77%
Who make the Scorpion KickRene Higuita
74%
Which MLS club that David Beckham OwnInter Miami FC
69%
Which player that score the fastest goal in UEFA Champions LeagueRoy Maakay
43%
Which stadium had the largest capacity (Premier League Edition)Anfield
17%

Score Distribution

Percentile by Number Answered

Percent of People with Each Score

Your Score History

You have not taken this quiz